Basic electrical engineering (Record no. 8374)

MARC details
000 -LEADER
fixed length control field 00436nam a2200169Ia 4500
008 - FIXED-LENGTH DATA ELEMENTS--GENERAL INFORMATION
fixed length control field 230917s9999||||xx |||||||||||||| ||und||
020 ## - ISBN
Price RS 650.00
040 ## - CATALOGING SOURCE
-- 5001159
Original cataloging agency VIVEKANANDA LIBRARY
041 ## - Language
-- English
082 ## - DDC NUMBER
Classification number 621.3 S19B
100 ## - MAIN ENTRY--PERSONAL NAME
Personal name Sahdev, S K
245 #0 - TITLE STATEMENT
Title Basic electrical engineering
260 ## - PUBLICATION, DISTRIBUTION, ETC. (IMPRINT)
Place of publication, distribution, etc Noida
Name of publisher, distributor, etc Pearson
Date of publication, distribution, etc 2023
300 ## - PHYSICAL DESCRIPTION
Pages xxii, 744 p.
500 ## - GENERAL NOTE
General note 4994 05/01/2023 HBD23/9741 27/02/2023 UIET (SFS)
942 ## - ADDED ENTRY ELEMENTS (KOHA)
Koha item type Books
Holdings
Withdrawn status Lost status Damaged status Not for loan Location (home branch) Sublocation or collection (holding branch) Shelving location Date acquired Koha issues (times borrowed) Koha full call number Accession No. Koha date last seen Koha item type
        VIVEKANANDA LIBRARY VIVEKANANDA LIBRARY UIET Library 17/03/2023 23 621.3 S19B 407635 25/03/2026 Books
        VIVEKANANDA LIBRARY VIVEKANANDA LIBRARY UIET Library 17/03/2023 21 621.3 S19B 407636 25/03/2026 Books
        VIVEKANANDA LIBRARY VIVEKANANDA LIBRARY UIET Library 17/03/2023 30 621.3 S19B 407637 27/03/2026 Books
        VIVEKANANDA LIBRARY VIVEKANANDA LIBRARY UIET Library 17/03/2023 24 621.3 S19B 407638 24/03/2026 Books
        VIVEKANANDA LIBRARY VIVEKANANDA LIBRARY UIET Library 17/03/2023   621.3 S19B 407639 17/09/2023 Books
© Designed and Maintained by Vivekananda Library, MDU Rohtak